| Tag |
First Indicator |
Second Indicator |
Subfields |
| LEADER |
00000cam a2200000 4500 |
| 001 |
in00001890613 |
| 006 |
m | d | |
| 007 |
cr |n||||||||n |
| 008 |
820408s1797 xxc|||| s o00| | mul d |
| 005 |
20260414172534.9 |
| 035 |
|
|
|a (CStRLIN)ESTCW29731
|
| 040 |
|
|
|a MWA
|c MWA
|d Uk-ES
|d CStRLIN
|d Thomson Gale
|d UtOrBLW
|
| 110 |
1 |
|
|a Great Britain.
|
| 245 |
1 |
0 |
|a Anno Regni Georgii III. Regis Magnae Britanniae, Franciae et Hiberniae, decimo quarto :
|b At the Parliament begun and holden at Westminster, the tenth day of May, anno Domini 1768, in the eighth year of the reign of our Sovereign Lord George the Third by the grace of God, of Great-Britain, France and Ireland, King, Defender of the faith, &c. And from thence continued, by several prorogations to the thirteenth day of January, 1774; being the seventh session of the thirteenth Parliament of Great Britain.
|
| 264 |
|
3 |
|a Quebec :
|b Printed by William Vondenvelden, law printer to the King's most excellent Majesty,
|c M,DCC,XCVII. [1797]
|
| 300 |
|
|
|a 59, 1 unnumbered page :
|b coat of arms ;
|c 4⁰.
|
| 336 |
|
|
|a text
|b txt
|2 rdacontent
|
| 337 |
|
|
|a computer
|b c
|2 rdamedia
|
| 338 |
|
|
|a online resource
|b cr
|2 rdacarrier
|
| 500 |
|
|
|a Added title page in French; text in English and French on opposite pages.
|
| 500 |
|
|
|a Includes the Constitutional Act of 1791; 'Anno regni Georgii III, .. At the parliament begun .. the twenty-fifth day of November, Anno Domini 1790, ..' (pp. 28-59) with parallel text in English and French.
|
| 500 |
|
|
|a Possibly also issued separately.
|
| 500 |
|
|
|a Reproduction of original from the British Library.
|
| 510 |
4 |
|
|a Tremaine,
|c 1040
|
| 510 |
4 |
|
|a English Short Title Catalog,
|c ESTCW29731.
|
| 533 |
|
|
|a Electronic reproduction.
|b Farmington Hills, Mich. :
|c Thomson Gale,
|d 2003.
|n Available via the World Wide Web.
|n Access limited by licensing agreements
|7 s2003 miunns
|
| 500 |
|
|
|a Electronic resource.
|
| 710 |
1 |
2 |
|a Great Britain.
|t Public General Acts. 1774. 14 Geo.III.c.83.
|
| 710 |
1 |
2 |
|a Great Britain.
|t Public General Acts. 1774. 14 Geo.III.c.83.
|l English.
|
| 830 |
|
0 |
|a Eighteenth century collections online.
|
| 856 |
4 |
0 |
|u http://proxy.library.tamu.edu/login?url=https://galenet.galegroup.com/servlet/ECCO?c=1&stp=Author&ste=11&af=BN&ae=W029731&tiPG=1&dd=0&dc=flc&docNum=CW106860744&vrsn=1.0&srchtp=a&d4=0.33&n=10&SU=0LRL+OR+0LRI&locID=txshracd2898
|z Full text online
|t 0
|
| 999 |
|
|
|a MARS
|
| 999 |
f |
f |
|s 22ab8381-2bbe-3bb3-9c95-c42adb81c715
|i 97ab83db-b87a-3ede-98ef-67a233dc9a12
|t 0
|
| 952 |
f |
f |
|a Texas A&M University
|b College Station
|c Electronic Resources
|s www_evans
|d Available Online
|t 0
|h No information provided
|
| 998 |
f |
f |
|t 0
|l Available Online
|